| 000 | 00462nam a22001697a 4500 | ||
|---|---|---|---|
| 003 | BD-DhUIB | ||
| 005 | 20260517194822.0 | ||
| 008 | 260517b |||||||| |||| 00| 0 eng d | ||
| 020 | _a0691014569 | ||
| 040 |
_aBD-DhUIB _cBD-DhUIB |
||
| 082 | _222 | ||
| 245 |
_aManufacruring ideology : _bscientific management intwentieth century Japan/ _cby William M. Tsutsui. |
||
| 260 | _cc1998 | ||
| 300 |
_axi, 279p. : _billus. ; _c20cm. |
||
| 526 | _aBBA | ||
| 942 |
_2ddc _cBK |
||
| 999 |
_c704 _d704 |
||